Wave interactions as a seismo-acoustic source / (Record no. 12143)

MARC details
000 -LEADER
fixed length control field 01156cam a2200337 i 4500
001 - CONTROL NUMBER
control field 1632828
003 - CONTROL NUMBER IDENTIFIER
control field EG-ScBUE
005 - DATE AND TIME OF LATEST TRANSACTION
control field 20260415094234.0
008 - FIXED-LENGTH DATA ELEMENTS--GENERAL INFORMATION
fixed length control field 960104t1996 gw a f b 001 0 eng d
020 ## - INTERNATIONAL STANDARD BOOK NUMBER
International Standard Book Number 0387607218 (pbk.)
020 ## - INTERNATIONAL STANDARD BOOK NUMBER
International Standard Book Number 9783540607212
040 ## - CATALOGING SOURCE
Original cataloging agency DLC
Language of cataloging eng
Description conventions rda
Transcribing agency DLC
Modifying agency DLC
-- EG-ScBUE
082 04 - DEWEY DECIMAL CLASSIFICATION NUMBER
Classification number 551.4702
Edition number 22
Item number KIB
100 1# - MAIN ENTRY--PERSONAL NAME
Personal name Kibblewhite, Alick C.,
Dates associated with a name 1927-
Relator term author.
9 (RLIN) 7336
245 10 - TITLE STATEMENT
Title Wave interactions as a seismo-acoustic source /
Statement of responsibility, etc Alick C. Kibblewhite, Cheng Y. Wu.
264 #1 - PUBLICATION, DISTRIBUTION, ETC. (IMPRINT)
Place of publication, distribution, etc Berlin :
Name of publisher, distributor, etc Springer Verlag,
Date of publication, distribution, etc [1996]
264 #4 - PUBLICATION, DISTRIBUTION, ETC. (IMPRINT)
Date of publication, distribution, etc c1996
300 ## - PHYSICAL DESCRIPTION
Extent xviii, 313 pages :
Other physical details illustrations ;
Dimensions 24 cm.
336 ## - CONTENT TYPE
Source rdacontent
Content type term text
Content type code txt
337 ## - MEDIA TYPE
Media type term unmediated
Source rdamedia
Media type code n
338 ## - CARRIER TYPE
Carrier type term volume
Carrier type code nc
Source rdacarrier
490 0# - SERIES STATEMENT
Series statement Lecture notes in earth sciences ;
Volume number/sequential designation 59
504 ## - BIBLIOGRAPHY, ETC. NOTE
Bibliography, etc Includes bibliographical references and index.
650 #7 - SUBJECT ADDED ENTRY--TOPICAL TERM
Topical term or geographic name as entry element Ocean tomography.
Source of heading or term BUEsh
9 (RLIN) 7338
650 #7 - SUBJECT ADDED ENTRY--TOPICAL TERM
Topical term or geographic name as entry element Sound-waves
General subdivision Measurement.
Source of heading or term BUEsh
9 (RLIN) 7339
650 #7 - SUBJECT ADDED ENTRY--TOPICAL TERM
Topical term or geographic name as entry element Plate tectonics.
Source of heading or term BUEsh
9 (RLIN) 7340
650 #7 - SUBJECT ADDED ENTRY--TOPICAL TERM
Topical term or geographic name as entry element Sonar.
Source of heading or term BUEsh
9 (RLIN) 7341
655 ## - INDEX TERM--GENRE/FORM
Form subdivision Reading book
700 1# - ADDED ENTRY--PERSONAL NAME
Personal name Wu, Cheng Y.
Fuller form of name (Cheng Yi),
Dates associated with a name 1938-
Relator term author.
9 (RLIN) 7342
942 ## - ADDED ENTRY ELEMENTS (KOHA)
Source of classification or shelving scheme Dewey Decimal Classification
Koha item type Book - Borrowing
Holdings
Withdrawn status Lost status Source of classification or shelving scheme Damaged status Not for loan Collection code Home library Current library Shelving location Date acquired Source of acquisition Cost, normal purchase price Serial Enumeration / chronology Total Checkouts Full call number Barcode Date last seen Price effective from Koha item type
    Dewey Decimal Classification     Alahram Central Library Central Library First floor 30/06/2009 Purchase 380.20 72   551.4702 KIB 000017256 15/07/2025 30/06/2009 Book - Borrowing